000 00741nam a2200277Ia 4500
003 OSt
005 20221007105334.0
006 a|||||r|||| 00| 0
007 ta
008 221006b |||||||| |||| 00| 0 eng d
024 _a18,285
037 _cTextual
040 _aLCO
_cLCO
_beng
041 _2eng
_aeng
082 _aZ2,3, K7
100 _aCharlesworth
_9342364
245 0 _aMercantile Law
250 _a11th
260 _aLondon
_bStevens & Sons UK
_c1967
300 _a409
650 _aMERCANTILE LAW
_9402489
700 _a Sarre David A.G.
_9706548
700 _a Schmitthoff Clive M.
942 _hZ2,3, K7
_cTEXL
999 _c1187848
_d1187848